Straßen beginnend mit B - Moers - Statistiken

Allgemein
  • Dieses Quiz wurde 6 mal gespielt
  • Das Durchschnittsergebnis liegt bei 8 aus 61
Antwortstatistiken
Antwort % Korrekt
Birkenstraße
67%
Baumstraße
50%
Bergstraße
50%
Bert-Brecht-Straße
50%
Blumenstraße
50%
Buchenweg
50%
Burgstraße
50%
Baerler Straße
33%
Bahnhofstraße
33%
Bethanienstraße
33%
Bogenstraße
33%
Bahnenstraße
17%
Bankstraße
17%
Barbarastraße
17%
Baustraße
17%
Beethovenstraße
17%
Begonienstraße
17%
Bergheimer Straße
17%
Bernhardstraße
17%
Bertastraße
17%
Beuthener Straße
17%
Bismarckstraße
17%
Böckstraße
17%
Brahmsstraße
17%
Breslauer Straße
17%
Brieger Straße
17%
Bunzlauer Straße
17%
Buschstraße
17%
Baggerstraße
0%
Bapaume-Platz
0%
Bataverstraße
0%
Baudenstraße
0%
Beckers Kull
0%
Behringweg
0%
Bendmannstraße
0%
Bergahornstraße
0%
Bergheideweg
0%
Bergwerkstraße
0%
Bernsteinstraße
0%
Bernsweg
0%
Bettenkamper Weg
0%
Billstraße
0%
Birkenpaschhof
0%
Birnenstraße
0%
Blücherstraße
0%
Boberstraße
0%
Bonifatiusstraße
0%
Boschheideweg
0%
Breuelstraße
0%
Brinkenhof
0%
Bruchstraße
0%
Bruckschenweg
0%
Brüggerfeldweg
0%
Brunostraße
0%
Bucerstraße
0%
Buchmannstraße
0%
Bullermannshof
0%
Bundesbahnhof
0%
Bunsenweg
0%
Burgundenstraße
0%
Bussardweg
0%
Keine übereinstimmenden Quizze gefunden
Verteilung der Resultate
Anzahl Personen mit jedem Resultat
Perzentil nach korrekt beantworteten Fragen
Ihre Resultats-Entwicklung
Sie haben dieses Quiz noch nicht gespielt